PHP 5 - začínáme programovat
Salvato in:
| Autore principale: | |
|---|---|
| Natura: | Libro |
| Lingua: | ceco |
| Pubblicazione: |
Praha :
Grada,
2005
|
| Tags: |
Nessun Tag, puoi essere il primo ad aggiungerne!!
|
MARC
| LEADER | 00000nam a22000003a 4500 | ||
|---|---|---|---|
| 001 | stu96045 | ||
| 005 | 20150617225813.3 | ||
| 008 | 051013s2005----xr------------------cze-d | ||
| 020 | |a 80-247-1146-X | ||
| 040 | |a STU |b slo | ||
| 041 | 0 | |a cze | |
| 044 | |a xr | ||
| 080 | |a 004.42 PHP | ||
| 100 | 1 | |a Bráza, Jiří |4 aut | |
| 245 | 1 | |a PHP 5 - začínáme programovat | |
| 260 | |a Praha : |b Grada, |c 2005 | ||
| 300 | |a 244 s.;schémy | ||
| 996 | |c V*48908/O-21542 |l VV23 |s P |a 0 |w stu96045_0001 | ||